Music Quiz

Random Music Quiz

Lyrics: Somebody to Love Quiz Stats

 Plays Quiz not verified by Sporcle

Challenge
Share
Tweet
Embed
Score 0/227 Timer 16:00
3 Plays Today
% Correct
???
100%
???
100%
???
100%
???
100%
???
100%
???
100%
???
99.5%
???
99.5%
???
99.5%
???
99.5%
???
99.5%
???
99.5%
???
99.5%
???
99.5%
???
99.5%
???
99.5%
???
99.5%
???
99.5%
???
99.5%
???
99.5%
???
99.5%
???
99.5%
???
99.5%
???
99.5%
???
99.5%
???
99.5%
???
99.5%
???
99.5%
???
99.5%
???
99.5%
???
99.5%
???
99.5%
???
99.5%
???
99.5%
???
99.5%
???
99.5%
???
99.5%
???
99.5%
???
99.5%
???
99.5%
???
99.5%
???
99.5%
???
99.5%
???
99.5%
???
99.5%
???
99.5%
???
99.5%
???
99.5%
???
99.5%
???
99.5%
???
99.5%
???
99.5%
???
99.5%
???
99.5%
???
99.5%
???
99.5%
???
98.9%
???
98.9%
???
98.9%
???
98.9%
???
98.9%
???
98.9%
???
98.9%
???
98.9%
???
98.9%
???
98.9%
???
98.9%
???
98.9%
???
98.9%
???
98.9%
???
98.9%
???
98.9%
???
98.9%
???
98.9%
???
98.9%
???
98.9%
% Correct
???
96.8%
???
96.8%
???
96.8%
???
96.8%
???
96.8%
???
96.8%
???
96.8%
???
96.8%
???
96.8%
???
96.8%
???
96.2%
???
96.2%
???
96.2%
???
94.6%
???
94.6%
???
94.6%
???
93.5%
???
93.5%
???
93.5%
???
93.5%
???
93%
???
93%
???
93%
???
93%
???
92.5%
???
92.5%
???
92.5%
???
92.5%
???
90.9%
???
90.9%
???
90.9%
???
90.9%
???
90.9%
???
89.8%
???
89.2%
???
89.2%
???
88.7%
???
87.6%
???
87.6%
???
87.6%
???
87.1%
???
87.1%
???
86%
???
86%
???
86%
???
85.5%
???
84.9%
???
84.4%
???
84.4%
???
84.4%
???
84.4%
???
84.4%
???
82.8%
???
81.7%
???
81.7%
???
81.7%
???
81.7%
???
81.7%
???
81.7%
???
81.2%
???
81.2%
???
81.2%
???
81.2%
???
80.6%
???
80.6%
???
80.6%
???
80.1%
???
80.1%
???
80.1%
???
80.1%
???
79.6%
???
79.6%
???
79.6%
???
79%
???
79%
???
78%
% Correct
???
78%
???
78%
???
78%
???
78%
???
78%
???
78%
???
78%
???
78%
???
78%
???
76.9%
???
74.2%
???
74.2%
???
74.2%
???
74.2%
???
74.2%
???
73.1%
???
73.1%
???
72.6%
???
72.6%
???
72%
???
72%
???
72%
???
71.5%
???
71%
???
71%
???
71%
???
70.4%
???
70.4%
???
70.4%
???
70.4%
???
70.4%
???
69.9%
???
69.4%
???
69.4%
???
68.8%
???
68.8%
???
68.3%
???
67.2%
???
67.2%
???
67.2%
???
66.1%
???
66.1%
???
66.1%
???
66.1%
???
66.1%
???
65.6%
???
65.6%
???
65.1%
???
65.1%
???
65.1%
???
63.4%
???
63.4%
???
61.8%
???
60.2%
???
58.6%
???
58.6%
???
57.5%
???
55.9%
???
55.9%
???
55.4%
???
54.8%
???
54.8%
???
53.8%
???
53.8%
???
52.2%
???
52.2%
???
48.9%
???
48.4%
???
47.3%
???
46.8%
???
45.7%
???
39.8%
???
38.2%
???
37.6%
???
32.3%

You're not logged in!

Compare scores with friends on all Sporcle quizzes.
OR
Log In

You Might Also Like...

Show Comments

Extras

Created Dec 14, 2016ReportNominate
Tags:love, queen, somebody

Top Quizzes Today


Score Distribution

Your Account Isn't Verified!

In order to create a playlist on Sporcle, you need to verify the email address you used during registration. Go to your Sporcle Settings to finish the process.

Report this User

Report this user for behavior that violates our Community Guidelines.

Details: